000 01511nam a22002057a 4500
003 OSt
005 20260127114837.0
008 260127b |||||||| |||| 00| 0 eng d
020 _a9789366164373
041 _aEng
082 _21st
_a610/SHR
100 _a SREEVANI R
111 _aNursing Education
_9216492
245 _aEssentials of Educational Technology/Nursing Education Semester-V
260 _aNew Delhi
_bJaypee Brothers Medical Publishers
_c2025
300 _a502 P.
500 _aA comprehensive textbook compiled to meet the requirements as per the revised INC syllabus for BSc nursing students. Written in easy-to-understand language following a lucid style. Focuses on developing knowledge, attitude, and competencies in teaching and learning. Covers all major topics on the latest approaches to education and learning, teaching and learning styles, basics in curriculum planning and teaching methods, educational media, assessment and evaluation, guidance and counseling, and evidence-based teaching practice in nursing. Question bank and multiple-choice questions (MCQs) provided at the end of each chapter to improve self-evaluation and robustness in term end and competitive examinations. Appendices include course outline, lesson plan, master rotation plan, evaluation formats, and item writing template on multiple choice questions. Serves as a lifelong companion for basic nursing students and professionals.
610 _aNursing Education
_9216416
942 _2ddc
_cDB
999 _c370155
_d370155